[Event "First Saturday 2010 marcius FM-B"]
[Site "Budapest"]
[Date "2010.03.06"]
[Round "1"]
[White "Mikulas, Adam"]
[Black "Batari, Zoltan"]
[Result "0-1"]
[WhiteElo "1697"]
[BlackElo "1695"]
[PlyCount "104"]
[EventDate "2010.03.06"]

1. e4 e5 2. d4 exd4 3. Qxd4 Nc6 4. Qd1 Nf6 5. Bd3 Bc5 6. Nf3 d6 7. Nc3 Bg4 8.
h3 Bh5 9. Bg5 Ne5 10. Be2 Bxf3 11. Bxf3 Bb4 12. O-O Bxc3 13. bxc3 O-O 14. Be2
h6 15. Bxf6 Qxf6 16. Qd4 Qf4 17. Rab1 b6 18. g3 Nf3+ 19. Bxf3 Qxf3 20. Rfe1
Rfe8 21. Re3 Qh5 22. h4 Re7 23. Rbe1 Qa5 24. Qd5 Qxd5 25. exd5 Rxe3 26. Rxe3
Kf8 27. c4 Re8 28. a4 a5 29. Kf1 Rxe3 30. fxe3 Ke7 31. Ke2 Kf6 32. g4 Ke5 33.
Kd3 f5 34. g5 hxg5 35. hxg5 g6 36. c3 f4 37. exf4+ Kxf4 38. Kd4 Kf5 39. c5
dxc5+ 40. Kc4 Ke4 41. d6 cxd6 42. Kb5 d5 43. Kxb6 d4 44. cxd4 cxd4 45. Kxa5 d3
46. Kb6 d2 47. a5 d1=Q 48. a6 Kf5 49. a7 Qa4 50. Kb7 Kxg5 51. a8=Q Qxa8+ 52.
Kxa8 Kf5 0-1

[Event "First Saturday 2010 marcius FM-B"]
[Site "Budapest"]
[Date "2010.03.06"]
[Round "1"]
[White "Mihajlova, Diana"]
[Black "Marosi, Levente"]
[Result "1-0"]
[WhiteElo "1458"]
[BlackElo "1657"]
[PlyCount "35"]
[EventDate "2010.03.06"]

1. g4 d5 2. Bg2 c6 3. g5 Bf5 4. d3 e6 5. h4 Ne7 6. Nd2 Ng6 7. e4 Nf4 8. Bf3
dxe4 9. dxe4 Bg6 10. h5 Qxg5 11. hxg6 Bc5 12. Nb3 Bb6 13. Nh3 Qh4 14. Bxf4 Qf6
15. gxf7+ Kxf7 16. e5 Qf5 17. Qe2 Rd8 18. Be4 1-0

[Event "First Saturday 2010 marcius FM-B"]
[Site "Budapest"]
[Date "2010.03.06"]
[Round "1"]
[White "Gruz, Janos"]
[Black "Kron, Gabor"]
[Result "1-0"]
[WhiteElo "1946"]
[BlackElo "1854"]
[PlyCount "81"]
[EventDate "2010.03.06"]

1. c4 d6 2. g3 g6 3. Bg2 Bg7 4. Nc3 e5 5. e3 c5 6. Nge2 Nc6 7. O-O Nge7 8. Rb1
O-O 9. a3 Be6 10. d3 Rc8 11. Nd5 f5 12. f4 Bf7 13. b4 b6 14. Qd2 Nxd5 15. cxd5
Ne7 16. e4 h6 17. Bb2 Kh7 18. Bc3 Rc7 19. Qb2 cxb4 20. axb4 Qd7 21. fxe5 dxe5
22. Bxe5 Bxe5 23. Qxe5 Nc8 24. Rfc1 Nd6 25. Rxc7 Qxc7 26. Rc1 Qd7 27. Rc6 Nb5
28. Nd4 Nxd4 29. Qxd4 Kg8 30. Qc3 fxe4 31. dxe4 Qg4 32. Bf3 Qg5 33. Kg2 Be8 34.
Rc7 Rf7 35. Rxf7 Kxf7 36. e5 Qd8 37. e6+ Ke7 38. Qg7+ Kd6 39. Qxh6 a5 40. Qf4+
Ke7 41. Qg5+ 1-0

[Event "First Saturday 2010 marcius FM-B"]
[Site "Budapest"]
[Date "2010.03.06"]
[Round "1"]
[White "Toth, Antal"]
[Black "Grimm, Gyorgy"]
[Result "1/2-1/2"]
[WhiteElo "1664"]
[BlackElo "1664"]
[PlyCount "85"]
[EventDate "2010.03.06"]

1. e4 c5 2. Nf3 Nc6 3. d4 cxd4 4. Nxd4 Nf6 5. Nc3 e5 6. Ndb5 d6 7. Bg5 a6 8.
Na3 b5 9. Nd5 Be7 10. Bxf6 Bxf6 11. c3 O-O 12. Nc2 Bg5 13. Nce3 Bxe3 14. Nxe3
Ne7 15. Be2 Bb7 16. Bf3 Qc7 17. O-O Rad8 18. Qb3 Kh8 19. a4 bxa4 20. Rxa4 Rb8
21. Qa2 Qb6 22. Rb4 Qc7 23. c4 Qc5 24. Qb3 Qc7 25. Nd5 Nxd5 26. cxd5 Ba8 27.
Ra1 Rxb4 28. Qxb4 Rb8 29. Qa3 Rb6 30. b4 Qb8 31. Rb1 g6 32. h3 Bb7 33. Be2 Bc8
34. Qa4 Qc7 35. Ra1 Kg7 36. Qa5 Qb8 37. Rb1 Qb7 38. b5 axb5 39. Rxb5 Rxb5 40.
Qxb5 Qxb5 41. Bxb5 f5 42. f3 fxe4 43. fxe4 1/2-1/2

[Event "First Saturday 2010 marcius FM-B"]
[Site "Budapest"]
[Date "2010.03.07"]
[Round "2"]
[White "Batari, Zoltan"]
[Black "Grimm, Gyorgy"]
[Result "1-0"]
[WhiteElo "1695"]
[BlackElo "1664"]
[PlyCount "91"]
[EventDate "2010.03.06"]

1. d4 Nf6 2. c4 g6 3. Nc3 Bg7 4. e4 d6 5. Nf3 O-O 6. Be2 c5 7. d5 Na6 8. O-O
Nc7 9. Bg5 a6 10. Qd2 Rb8 11. a4 a5 12. Bh6 b6 13. Bxg7 Kxg7 14. e5 Nd7 15. Qf4
dxe5 16. Nxe5 Nxe5 17. Qxe5+ f6 18. Qg3 Qd6 19. Qe3 f5 20. Rad1 e6 21. dxe6
Qxe6 22. Qf4 Na6 23. Rd6 Qe7 24. Rfd1 Rf6 25. Rxf6 Qxf6 26. Rd6 Qe7 27. Bf1 Be6
28. g3 Bf7 29. b3 Nc7 30. Rc6 Rb7 31. Qf3 Na8 32. Rc8 Ra7 33. Rxa8 Rxa8 34.
Qxa8 Qe1 35. Qf3 Qc1 36. Nd5 Bxd5 37. cxd5 Qd2 38. Qd3 Qg5 39. d6 Qd8 40. d7
Kf7 41. Qd6 h5 42. Bb5 g5 43. Qe5 Qe7 44. Qxf5+ Kg7 45. Qd5 Qd8 46. Qe6 1-0

[Event "First Saturday 2010 marcius FM-B"]
[Site "Budapest"]
[Date "2010.03.07"]
[Round "2"]
[White "Kron, Gabor"]
[Black "Toth, Antal"]
[Result "1-0"]
[WhiteElo "1854"]
[BlackElo "1664"]
[PlyCount "113"]
[EventDate "2010.03.06"]

1. g3 g6 2. Bg2 Bg7 3. e4 d6 4. Ne2 e5 5. O-O Ne7 6. d3 O-O 7. c3 Bd7 8. h3 Qc8
9. Kh2 Nbc6 10. Be3 f5 11. f4 Rb8 12. Nd2 a6 13. Rf2 Kh8 14. Qc2 Be6 15. Raf1
Qd7 16. c4 Nd4 17. Qc1 Nxe2 18. Rxe2 Nc6 19. Nf3 Nd4 20. Nxd4 exd4 21. Bd2 c5
22. Rfe1 Rbe8 23. Qc2 b5 24. b3 b4 25. Bc1 a5 26. a4 Qd8 27. exf5 Bxf5 28. g4
Bd7 29. Kg3 Rxe2 30. Rxe2 Re8 31. Be4 Bf6 32. Qd2 Bh4+ 33. Kg2 Bf6 34. Qd1 Bh4
35. Qf1 Bf6 36. Qf3 Rf8 37. Bc6 Be5 38. Bxd7 Bxf4 39. Bxf4 Qxd7 40. Qe4 Rd8 41.
Qe6 Kg7 42. Qe7+ Kg8 43. Re6 Qxe7 44. Rxe7 d5 45. Ra7 dxc4 46. bxc4 Re8 47.
Rxa5 Re2+ 48. Kf3 Rb2 49. Rxc5 b3 50. Rb5 Rb1 51. Ke4 b2 52. Bd2 Ra1 53. Rxb2
Rxa4 54. Kxd4 h5 55. gxh5 gxh5 56. h4 Kf7 57. Ke5 1-0

[Event "First Saturday 2010 marcius FM-B"]
[Site "Budapest"]
[Date "2010.03.07"]
[Round "2"]
[White "Mikulas, Adam"]
[Black "Mihajlova, Diana"]
[Result "1-0"]
[WhiteElo "1697"]
[BlackElo "1458"]
[PlyCount "97"]
[EventDate "2010.03.06"]

1. e4 d5 2. exd5 Nf6 3. Nf3 Bg4 4. Be2 Nxd5 5. h3 Bh5 6. O-O e6 7. d4 Bd6 8.
Ne5 Bg6 9. c4 Ne7 10. Qb3 Qc8 11. Bf3 c6 12. Bf4 Bxe5 13. Bxe5 Nf5 14. d5 Nd7
15. dxc6 bxc6 16. Bc3 Nh4 17. Bxg7 Nxf3+ 18. Qxf3 Rg8 19. Bd4 Bf5 20. Re1 Bg6
21. Nc3 c5 22. Nb5 Kf8 23. Bc3 a5 24. Nc7 Ra7 25. Nxe6+ Ke7 26. Nxc5+ Kd6 27.
Qd5+ Kc7 28. Nxd7 Qxd7 29. Be5+ Kd8 30. Bf6+ Kc8 31. Qc5+ Qc7 32. Qb5 Qd7 33.
Qb3 Qc6 34. Qc3 Be4 35. g3 Bg2 36. Kh2 Rg6 37. Bh4 Rc7 38. Qxa5 Be4 39. Rad1 f5
40. Rd8+ Kb7 41. Qa8+ Kb6 42. Rb8+ Rb7 43. Bd8+ Kc5 44. Rc8 Rc7 45. Rxc7 Qxc7
46. Qa3+ Kc6 47. Bxc7 Kxc7 48. f3 Bxf3 49. Qxf3 1-0

[Event "First Saturday 2010 marcius FM-B"]
[Site "Budapest"]
[Date "2010.03.08"]
[Round "3"]
[White "Mihajlova, Diana"]
[Black "Batari, Zoltan"]
[Result "1/2-1/2"]
[WhiteElo "1458"]
[BlackElo "1695"]
[PlyCount "47"]
[EventDate "2010.03.06"]

1. g4 d5 2. Bg2 Bxg4 3. c4 Nf6 4. cxd5 Nxd5 5. Qb3 Nb6 6. Bxb7 N8d7 7. Bxa8
Qxa8 8. f3 e6 9. d3 Bc5 10. Nd2 Nf6 11. Qc3 Nbd7 12. Ne4 Bd6 13. fxg4 Nxe4 14.
dxe4 Qxe4 15. Qf3 Qb4+ 16. Kf1 O-O 17. g5 Ne5 18. a3 Qd4 19. Qf2 Qd1+ 20. Qe1
Qd5 21. e4 Qd4 22. Qe2 Rb8 23. Rb1 Rb3 24. Bf4 1/2-1/2

[Event "First Saturday 2010 marcius FM-B"]
[Site "Budapest"]
[Date "2010.03.08"]
[Round "3"]
[White "Gruz, Janos"]
[Black "Marosi, Levente"]
[Result "1/2-1/2"]
[WhiteElo "1946"]
[BlackElo "1657"]
[PlyCount "43"]
[EventDate "2010.03.06"]

1. c4 Nf6 2. Nc3 g6 3. Nf3 Bg7 4. g3 c5 5. Bg2 O-O 6. O-O Nc6 7. d4 cxd4 8.
Nxd4 Nxd4 9. Qxd4 d6 10. Rd1 a6 11. c5 Nd7 12. Qe3 Nxc5 13. Nd5 Be6 14. Nf4 Qc7
15. Nxe6 Nxe6 16. Qd2 Rac8 17. Rb1 b5 18. b3 Qc2 19. Ba3 Qxd2 20. Rxd2 Bc3 21.
Rdd1 b4 22. Bc1 1/2-1/2

[Event "First Saturday 2010 marcius FM-B"]
[Site "Budapest"]
[Date "2010.03.08"]
[Round "3"]
[White "Toth, Antal"]
[Black "Szabo, Miklos"]
[Result "1-0"]
[WhiteElo "1664"]
[BlackElo "1404"]
[PlyCount "75"]
[EventDate "2010.03.06"]

1. e4 e5 2. Nf3 d6 3. d4 Nd7 4. c4 Ngf6 5. Nc3 c6 6. Bd3 exd4 7. Nxd4 Ne5 8.
Be2 Be7 9. O-O O-O 10. b3 Bd7 11. Nc2 Rc8 12. Ne3 b5 13. Ba3 Be6 14. Nf5 Bxf5
15. exf5 Qa5 16. Bb2 Rfd8 17. cxb5 d5 18. bxc6 Ba3 19. Bxa3 Qxa3 20. Nb5 Qe7
21. c7 Rd7 22. Rc1 a6 23. Nd4 Rdxc7 24. Rxc7 Rxc7 25. h3 h6 26. Re1 Ne4 27. Bf1
Qh4 28. g3 Qf6 29. Bg2 Nc3 30. Qd2 a5 31. a3 Rc5 32. Qf4 Nd3 33. Re8+ Kh7 34.
Qb8 g6 35. fxg6+ Qxg6 36. Rh8+ Kg7 37. Rg8+ Kf6 38. Qd8+ 1-0

[Event "First Saturday 2010 marcius FM-B"]
[Site "Budapest"]
[Date "2010.03.08"]
[Round "3"]
[White "Grimm, Gyorgy"]
[Black "Kron, Gabor"]
[Result "0-1"]
[WhiteElo "1664"]
[BlackElo "1854"]
[PlyCount "85"]
[EventDate "2010.03.06"]

1. e4 d6 2. d4 Nd7 3. Nf3 g6 4. Be3 Bg7 5. Nbd2 e5 6. dxe5 dxe5 7. c3 Ne7 8.
Bc4 O-O 9. O-O h6 10. Bb3 Kh7 11. Nc4 f5 12. exf5 gxf5 13. Bc2 Ng6 14. h3 Qe7
15. Nh2 Nf6 16. Qe2 Nd5 17. Rfd1 Be6 18. Bd2 Rae8 19. Bb3 c6 20. Na3 Rg8 21.
Be3 Nxe3 22. Bxe6 Qxe6 23. Qxe3 b6 24. Qd3 Nf4 25. Qd7 Qg6 26. g4 Nxh3+ 27. Kf1
Ref8 28. Rd6 Qg5 29. f3 Qh4 30. Rd2 fxg4 31. Qxg4 Qxg4 32. Nxg4 Rxf3+ 33. Kg2
e4 34. Nh2 Be5+ 35. Kh1 Nf2+ 36. Rxf2 Rxf2 37. Nf1 e3 38. Nc4 e2 39. Nxe5 Rxf1+
40. Kh2 Rxa1 41. Nf3 Rf8 42. Kg2 Rxf3 43. Kxf3 0-1

[Event "First Saturday 2010 marcius FM-B"]
[Site "Budapest"]
[Date "2010.03.09"]
[Round "4"]
[White "Batari, Zoltan"]
[Black "Kron, Gabor"]
[Result "1-0"]
[WhiteElo "1695"]
[BlackElo "1854"]
[PlyCount "65"]
[EventDate "2010.03.06"]

1. d4 d6 2. c4 g6 3. Nc3 Bg7 4. e4 Nd7 5. Nf3 e5 6. d5 Ne7 7. Be2 O-O 8. O-O h6
9. Be3 f5 10. Qc1 f4 11. Bd2 g5 12. g3 Ng6 13. b4 g4 14. Ne1 Qg5 15. Qd1 Nf6
16. Nb5 Rf7 17. Qc2 Qh5 18. c5 a6 19. Na3 Bf8 20. Qc4 Ne8 21. Bd1 Rg7 22. Ba4
fxg3 23. fxg3 Ne7 24. Bxe8 Qxe8 25. Bxh6 Rf7 26. Rxf7 Qxf7 27. Bxf8 Qxf8 28.
Ng2 Qh6 29. Rf1 Kg7 30. Qc2 Qg6 31. Qf2 Bd7 32. Nh4 Qh5 33. Qf6+ 1-0

[Event "First Saturday 2010 marcius FM-B"]
[Site "Budapest"]
[Date "2010.03.09"]
[Round "4"]
[White "Szabo, Miklos"]
[Black "Grimm, Gyorgy"]
[Result "0-1"]
[WhiteElo "1404"]
[BlackElo "1664"]
[PlyCount "42"]
[EventDate "2010.03.06"]

1. e4 c5 2. Nf3 Nc6 3. d4 cxd4 4. Nxd4 Nf6 5. Nc3 e5 6. Nf3 Bb4 7. Bd3 d5 8.
exd5 Nxd5 9. Bd2 Bxc3 10. bxc3 O-O 11. O-O Nb6 12. c4 Be6 13. Ng5 h6 14. c5 Nd7
15. Ne4 f5 16. Ng3 Nxc5 17. Bb5 Nd4 18. Bb4 Qb6 19. Bxc5 Qxc5 20. Ba4 Rad8 21.
Bb3 Nxb3 0-1

[Event "First Saturday 2010 marcius FM-B"]
[Site "Budapest"]
[Date "2010.03.09"]
[Round "4"]
[White "Marosi, Levente"]
[Black "Toth, Antal"]
[Result "0-1"]
[WhiteElo "1657"]
[BlackElo "1664"]
[PlyCount "68"]
[EventDate "2010.03.06"]

1. e4 c5 2. Nc3 d6 3. f4 e6 4. Nf3 Bd7 5. Be2 Nf6 6. O-O a6 7. Qe1 Be7 8. Nh4
O-O 9. Bf3 Nc6 10. d3 Nd4 11. Bd1 d5 12. Nf3 dxe4 13. Nxe4 Nxf3+ 14. Bxf3 Rb8
15. Qg3 Nxe4 16. Bxe4 f5 17. Bf3 Bh4 18. Qh3 Bf6 19. g4 Bd4+ 20. Kg2 fxg4 21.
Bxg4 Rf6 22. c3 Rh6 23. Qg3 Bc6+ 24. Rf3 Bf6 25. f5 Bh4 26. Qe5 Rf6 27. Kh3
Bxf3 28. Bxf3 exf5 29. Bf4 Rf8 30. Bd5+ Kh8 31. Qe6 Bf2 32. Bxb8 Qxb8 33. Rf1
Qf4 34. Qe7 Qg4# 0-1

[Event "First Saturday 2010 marcius FM-B"]
[Site "Budapest"]
[Date "2010.03.09"]
[Round "4"]
[White "Mikulas, Adam"]
[Black "Gruz, Janos"]
[Result "0-1"]
[WhiteElo "1697"]
[BlackElo "1946"]
[PlyCount "76"]
[EventDate "2010.03.06"]

1. e4 c5 2. Nf3 d6 3. d4 cxd4 4. Nxd4 Nf6 5. Nc3 a6 6. Nf3 Qc7 7. Be2 e6 8. O-O
Be7 9. Re1 Nbd7 10. Bf1 e5 11. Bg5 h6 12. Bxf6 Nxf6 13. h3 O-O 14. Nd5 Nxd5 15.
exd5 Bd7 16. Qd2 f5 17. Rad1 Bf6 18. b3 b5 19. c4 bxc4 20. Bxc4 Qb6 21. a4 Rac8
22. Qa2 a5 23. Re2 Qb4 24. Rc2 Rc5 25. Ne1 e4 26. g3 Qb8 27. Ng2 g5 28. f4 exf3
29. Ne3 Qe8 30. Kf2 Qh5 31. Bf1 Rfc8 32. Rdc1 f4 33. gxf4 gxf4 34. Ng4 Bxg4 35.
Rxc5 Bd4+ 36. Ke1 Bxc5 37. hxg4 Bb4+ 38. Kd1 Qxd5+ 0-1

[Event "First Saturday 2010 marcius FM-B"]
[Site "Budapest"]
[Date "2010.03.10"]
[Round "5"]
[White "Gruz, Janos"]
[Black "Mihajlova, Diana"]
[Result "1-0"]
[WhiteElo "1946"]
[BlackElo "1458"]
[PlyCount "57"]
[EventDate "2010.03.06"]

1. d4 Nf6 2. Nf3 d5 3. Bf4 Bg4 4. Nbd2 e6 5. h3 Bh5 6. Ne5 Nbd7 7. g4 Nxe5 8.
dxe5 Bxg4 9. hxg4 Bc5 10. exf6 Bxf2+ 11. Kxf2 Qxf6 12. Kg3 e5 13. Be3 d4 14.
Ne4 Qg6 15. Qd3 f5 16. Nf2 dxe3 17. Qxf5 Qxf5 18. gxf5 exf2 19. Kxf2 O-O 20. e4
Rad8 21. Ke3 Rd4 22. c3 Rd6 23. Bc4+ Kh8 24. Rhd1 Rdf6 25. Rd7 Rc6 26. Bd5 Rb6
27. b3 c6 28. Be6 h6 29. Rg1 1-0

[Event "First Saturday 2010 marcius FM-B"]
[Site "Budapest"]
[Date "2010.03.10"]
[Round "5"]
[White "Toth, Antal"]
[Black "Mikulas, Adam"]
[Result "1/2-1/2"]
[WhiteElo "1664"]
[BlackElo "1697"]
[PlyCount "147"]
[EventDate "2010.03.06"]

1. e4 Nf6 2. d3 e5 3. Nf3 Nc6 4. c3 d6 5. Be2 g6 6. O-O Bg7 7. h3 O-O 8. Nbd2
Bd7 9. Nh2 d5 10. exd5 Nxd5 11. Ne4 Bf5 12. Nc5 b6 13. Nb3 Rb8 14. Bf3 Nce7 15.
Re1 Nf4 16. Bxf4 exf4 17. d4 Nc8 18. Be4 Bxe4 19. Rxe4 Bh6 20. Ng4 Bg5 21. Re1
Nd6 22. Ne5 Qc8 23. Nd2 Re8 24. Ndf3 Bf6 25. Qd2 Qf5 26. Qd3 Bxe5 27. Qxf5 Nxf5
28. Nxe5 a5 29. Nd7 Rxe1+ 30. Rxe1 Rd8 31. Nf6+ Kh8 32. Kf1 c6 33. Re4 Rd6 34.
Ng4 c5 35. Rxf4 cxd4 36. cxd4 Rxd4 37. Rxd4 Nxd4 38. Ke1 Nc6 39. b3 Nb4 40. a4
Nc6 41. Kd2 f5 42. Ne3 Na7 43. Nc4 Nc8 44. Kc3 Kg7 45. b4 Kf6 46. b5 Ke6 47.
Kd4 g5 48. g3 h6 49. f3 h5 50. Ne3 Ne7 51. Nc4 Nd5 52. Kd3 h4 53. gxh4 gxh4 54.
Kd4 Nf4 55. Nxb6 Nxh3 56. Nd5 Ng5 57. Nf4+ Kd6 58. Ke3 h3 59. Kf2 h2 60. Kg2
Nxf3 61. Ne2 Kc5 62. Ng3 Nd4 63. Kxh2 Kb4 64. b6 Kxa4 65. Nxf5 Nc6 66. b7 Kb4
67. Nd4 Nb8 68. Nc2+ Kb5 69. Na3+ Kc6 70. Kg2 Kxb7 71. Kf2 Kc6 72. Ke3 Kc5 73.
Kd3 Kb4 74. Nc2+ 1/2-1/2

[Event "First Saturday 2010 marcius FM-B"]
[Site "Budapest"]
[Date "2010.03.10"]
[Round "5"]
[White "Grimm, Gyorgy"]
[Black "Marosi, Levente"]
[Result "1-0"]
[WhiteElo "1664"]
[BlackElo "1657"]
[PlyCount "123"]
[EventDate "2010.03.06"]

1. e4 c6 2. d4 d5 3. exd5 cxd5 4. Nc3 Nc6 5. Nf3 Bg4 6. Be2 e6 7. h3 Bxf3 8.
Bxf3 Nf6 9. O-O Be7 10. Ne2 O-O 11. c3 b5 12. Bg5 b4 13. Bxf6 Bxf6 14. Qa4 Qb6
15. Rab1 bxc3 16. bxc3 Qc7 17. c4 Ne7 18. cxd5 Nxd5 19. Bxd5 exd5 20. Rfc1 Qd6
21. Rc6 Qd7 22. Nc3 Bxd4 23. Rb3 Rfe8 24. Kf1 Bb6 25. Qb5 Qf5 26. Rb2 Re5 27.
Re2 Rae8 28. Rxb6 h6 29. Rb8 Rxe2 30. Rxe8+ Rxe8 31. Qxe8+ Kh7 32. Qb5 Qc2 33.
Qb1 Qxb1+ 34. Nxb1 Kg6 35. Ke2 Kf5 36. Kd3 Ke5 37. Nc3 f5 38. Ne2 g5 39. g3 f4
40. g4 a6 41. f3 Kd6 42. Kd4 Kc6 43. Nc3 Kb6 44. Kxd5 Ka5 45. Kc4 Kb6 46. a4
Ka5 47. Kb3 Kb6 48. Kb4 a5+ 49. Kc4 Kc6 50. Ne4 Kb6 51. Nf6 Kc6 52. Ng8 h5 53.
gxh5 g4 54. hxg4 Kd6 55. h6 Ke6 56. h7 Kf7 57. h8=Q Kg6 58. Qf6+ Kh7 59. Qg5
Kh8 60. Ne7 Kh7 61. Qg6+ Kh8 62. Qg8# 1-0

[Event "First Saturday 2010 marcius FM-B"]
[Site "Budapest"]
[Date "2010.03.11"]
[Round "6"]
[White "Marosi, Levente"]
[Black "Kron, Gabor"]
[Result "1-0"]
[WhiteElo "1657"]
[BlackElo "1854"]
[PlyCount "105"]
[EventDate "2010.03.06"]

1. e4 c6 2. d4 d6 3. Nc3 Nd7 4. Nf3 g6 5. Bc4 e6 6. Bg5 Ne7 7. Qd2 h6 8. Bh4
Bg7 9. O-O O-O 10. d5 cxd5 11. exd5 e5 12. Nb5 Nb6 13. Bb3 a6 14. Na3 f5 15. h3
g5 16. Bg3 Ng6 17. c4 Nd7 18. Bc2 Qf6 19. Rad1 f4 20. Bh2 h5 21. g3 Kf7 22. Qe2
Bh6 23. Nd2 f3 24. Qe1 Kg7 25. Ne4 Qe7 26. b4 Nf6 27. Nxf6 Rxf6 28. c5 Bxh3 29.
cxd6 Rxd6 30. g4 Re8 31. Nc4 Rf6 32. d6 Qd7 33. Bxg6 Qxg4+ 34. Bg3 Kxg6 35. d7
Rff8 36. d8=Q Qxc4 37. Qd3+ Qxd3 38. Rxd3 Bg7 39. Qe4+ Bf5 40. Rd6+ Kh7 41.
Qxf3 Bg4 42. Qxb7 h4 43. Bh2 Bc8 44. Qc7 g4 45. Rd5 Rf5 46. Re1 g3 47. fxg3
hxg3 48. Bxg3 Rg5 49. Kg2 Bf5 50. Rdxe5 Rc8 51. Qe7 Kg6 52. Re6+ Kh5 53. Rh1+
1-0

[Event "First Saturday 2010 marcius FM-B"]
[Site "Budapest"]
[Date "2010.03.11"]
[Round "6"]
[White "Mikulas, Adam"]
[Black "Grimm, Gyorgy"]
[Result "0-1"]
[WhiteElo "1697"]
[BlackElo "1664"]
[PlyCount "108"]
[EventDate "2010.03.06"]

1. e4 c5 2. Nf3 Nc6 3. d4 cxd4 4. Nxd4 Nf6 5. Nc3 e5 6. Nxc6 bxc6 7. Bc4 Bb7 8.
Bg5 Be7 9. Bxf6 Bxf6 10. O-O O-O 11. Qd3 Qc7 12. Rad1 Rad8 13. Qg3 Be7 14. Bb3
d6 15. f4 Qb6+ 16. Kh1 exf4 17. Rxf4 d5 18. Rg4 g6 19. exd5 cxd5 20. Rgd4 Bf6
21. Nxd5 Qxd4 22. Rxd4 Bxd4 23. c4 Bxd5 24. cxd5 Bxb2 25. Qf2 Rde8 26. g3 Bg7
27. Qxa7 Ra8 28. Qe3 Rae8 29. Qf3 Bd4 30. d6 Rd8 31. Qb7 Rxd6 32. Bxf7+ Kh8 33.
Bb3 Bg7 34. Qe7 Rdf6 35. Kg2 Rf2+ 36. Kh3 R2f5 37. a4 Rh5+ 38. Kg2 Ra5 39. Qh4
Rh5 40. Qb4 Re5 41. Qb6 Re2+ 42. Kh3 Re5 43. a5 Ree8 44. a6 Rb8 45. Qe3 Rfe8
46. a7 Ra8 47. Qb6 Red8 48. Bd5 Rxd5 49. g4 Bd4 50. Qb7 Rdd8 51. Qe7 Re8 52.
Qf7 Bxa7 53. Qf6+ Kg8 54. Qc3 Re3+ 0-1

[Event "First Saturday 2010 marcius FM-B"]
[Site "Budapest"]
[Date "2010.03.11"]
[Round "6"]
[White "Mihajlova, Diana"]
[Black "Toth, Antal"]
[Result "0-1"]
[WhiteElo "1458"]
[BlackElo "1664"]
[PlyCount "86"]
[EventDate "2010.03.06"]

1. g4 e5 2. d3 Bc5 3. g5 d5 4. h4 Ne7 5. Nd2 Be6 6. e4 Nbc6 7. Bh3 Qd7 8. f4
exf4 9. Bxe6 Qxe6 10. Nh3 Be3 11. Nb3 Bxc1 12. Qxc1 O-O-O 13. Qxf4 dxe4 14. Nc5
Qe5 15. Nxe4 Qxf4 16. Nxf4 Nd4 17. O-O-O Nd5 18. Nxd5 Rxd5 19. Rd2 h6 20. c3
Ne6 21. Rg1 hxg5 22. hxg5 Rh3 23. d4 Rf3 24. g6 f6 25. Re1 Nf4 26. Nf2 Kd7 27.
c4 Rg5 28. Kc2 Rxg6 29. Ne4 b6 30. c5 Nd5 31. a3 a5 32. Nc3 Nxc3 33. bxc3 Rgg3
34. c6+ Kd6 35. d5 Rxc3+ 36. Kd1 Rcd3 37. Re8 Rxd2+ 38. Kxd2 Kxd5 39. a4 Kxc6
40. Re6+ Kc5 41. Re4 c6 42. Rh4 b5 43. axb5 cxb5 0-1

[Event "First Saturday 2010 marcius FM-B"]
[Site "Budapest"]
[Date "2010.03.12"]
[Round "7"]
[White "Gruz, Janos"]
[Black "Batari, Zoltan"]
[Result "1-0"]
[WhiteElo "1946"]
[BlackElo "1695"]
[PlyCount "69"]
[EventDate "2010.03.06"]

1. Nf3 d5 2. d4 Nf6 3. Bf4 Bg4 4. Nbd2 e6 5. h3 Bxf3 6. Nxf3 Nbd7 7. e3 c5 8.
c3 c4 9. Be2 Be7 10. O-O O-O 11. Ne5 Bd6 12. Nxf7 Rxf7 13. Bxd6 Ne4 14. Bh2 Qh4
15. f3 Ng3 16. Bxg3 Qxg3 17. Qe1 Qg5 18. f4 Qg6 19. Bf3 Re8 20. Qe2 Nf6 21. Kh2
Ne4 22. Bxe4 Qxe4 23. Qf3 Qc2 24. Rf2 Qf5 25. Re1 Qe4 26. Qxe4 dxe4 27. g4 Ref8
28. Ref1 g6 29. Kg3 Kg7 30. h4 h6 31. Rd1 Rd8 32. b3 b5 33. bxc4 bxc4 34. Rb1
Rc8 35. Rb5 1-0

[Event "First Saturday 2010 marcius FM-B"]
[Site "Budapest"]
[Date "2010.03.12"]
[Round "7"]
[White "Grimm, Gyorgy"]
[Black "Mihajlova, Diana"]
[Result "1-0"]
[WhiteElo "1664"]
[BlackElo "1458"]
[PlyCount "113"]
[EventDate "2010.03.06"]

1. e4 d5 2. exd5 Nf6 3. Nc3 Nxd5 4. Nxd5 Qxd5 5. Qf3 Qd8 6. Bc4 e6 7. Ne2 Nc6
8. O-O a6 9. c3 Ne5 10. Qe4 Nxc4 11. Qxc4 Bd7 12. Re1 b5 13. Qe4 Bd6 14. d4 O-O
15. Bf4 f5 16. Qe3 Be7 17. Qd3 Bc6 18. f3 Bf6 19. Rad1 Qe7 20. Ng3 Qf7 21. Be5
Bh4 22. Re2 Rad8 23. b3 Rfe8 24. Nf1 f4 25. Nd2 Re7 26. Ne4 Bxe4 27. Qxe4 c5
28. Qxf4 Qh5 29. Re4 Bg5 30. Qg4 Qh6 31. Bf4 Rd5 32. Bxg5 Rxg5 33. Qh4 Qf6 34.
Qf4 Rf5 35. Qh4 Qf8 36. Qf2 c4 37. b4 Qd8 38. Rde1 Rf6 39. Re5 Qf8 40. d5 Qf7
41. Qb6 Rg6 42. Rxe6 Rexe6 43. Rxe6 Qd7 44. Qc6 Qxc6 45. Rxc6 Kf8 46. Rxg6 hxg6
47. Kf2 Ke7 48. Ke3 g5 49. Ke4 Kf6 50. d6 Ke6 51. d7 Kxd7 52. Kf5 Ke7 53. Kxg5
Kd6 54. Kg6 Kc6 55. Kxg7 Kb6 56. h4 a5 57. a3 1-0

[Event "First Saturday 2010 marcius FM-B"]
[Site "Budapest"]
[Date "2010.03.12"]
[Round "7"]
[White "Kron, Gabor"]
[Black "Mikulas, Adam"]
[Result "1-0"]
[WhiteElo "1854"]
[BlackElo "1697"]
[PlyCount "124"]
[EventDate "2010.03.06"]

1. g3 d5 2. Bg2 e5 3. d3 Nf6 4. Nd2 Nc6 5. e4 dxe4 6. dxe4 Bc5 7. h3 Qd4 8. Qe2
O-O 9. Nb3 Qd6 10. Nxc5 Qxc5 11. c3 Be6 12. Be3 Qe7 13. Qc2 Rad8 14. b3 Qa3 15.
Ne2 Rd7 16. O-O Rfd8 17. f4 exf4 18. gxf4 Re7 19. Ng3 Qa6 20. Rad1 Red7 21. e5
Nd5 22. Bc1 Qb6+ 23. Kh2 Nde7 24. Rde1 g6 25. Be3 Qa5 26. Ne4 Kg7 27. Nc5 Bf5
28. Qf2 Rd3 29. Nxb7 Qxc3 30. Nxd8 Nxd8 31. Rc1 Qa5 32. Rfd1 Rxd1 33. Rxd1 Ne6
34. Qd2 Qa6 35. a4 h6 36. Ra1 c5 37. Bf1 Qb7 38. Qc3 Qf3 39. Bg2 Qe2 40. Qd2
Qh5 41. Rc1 g5 42. Rg1 Kh7 43. Qf2 g4 44. Qg3 Ng6 45. Rf1 Nh4 46. Kg1 gxh3 47.
Bxh3 Bd3 48. Bg4 Qg6 49. Qxh4 Bf5 50. Kh2 Bxg4 51. f5 Bxf5 52. Rg1 Ng5 53. Rxg5
Qe6 54. Rxf5 Qxf5 55. Qxh6+ Kg8 56. Qg5+ Qxg5 57. Bxg5 Kf8 58. Be3 Ke7 59.
Bxc5+ Ke8 60. Kg3 Kd7 61. Kf4 Ke6 62. Bd4 Kd5 1-0

[Event "First Saturday 2010 marcius FM-B"]
[Site "Budapest"]
[Date "2010.03.13"]
[Round "8"]
[White "Batari, Zoltan"]
[Black "Marosi, Levente"]
[Result "1/2-1/2"]
[WhiteElo "1695"]
[BlackElo "1657"]
[PlyCount "37"]
[EventDate "2010.03.06"]

1. d4 Nf6 2. c4 c5 3. d5 e6 4. Bg5 exd5 5. cxd5 d6 6. Nc3 g6 7. Nf3 a6 8. Qd2
Bg7 9. Qe3+ Qe7 10. Qxe7+ Kxe7 11. e4 Re8 12. Bd3 b5 13. O-O h6 14. Bxf6+ Bxf6
15. Rac1 Kf8 16. Rfe1 Nd7 17. Bb1 Bb7 18. b3 Re7 19. Ne2 1/2-1/2

[Event "First Saturday 2010 marcius FM-B"]
[Site "Budapest"]
[Date "2010.03.13"]
[Round "8"]
[White "Mihajlova, Diana"]
[Black "Kron, Gabor"]
[Result "0-1"]
[WhiteElo "1458"]
[BlackElo "1854"]
[PlyCount "86"]
[EventDate "2010.03.06"]

1. g4 d6 2. e4 g6 3. g5 Bg7 4. d3 e6 5. h4 h5 6. gxh6 Nxh6 7. Nf3 Ng4 8. Ng5
Nf6 9. Nd2 Nc6 10. f4 Nh5 11. Qf3 Qe7 12. c3 Bd7 13. Nb3 O-O-O 14. Be3 f5 15.
Bg2 e5 16. Qf2 a6 17. Bd2 fxe4 18. Nxe4 exf4 19. O-O-O Rdf8 20. Rde1 Qd8 21.
Ng5 Qf6 22. Bd5 Re8 23. Ne4 Qf8 24. c4 Kb8 25. Na5 Nxa5 26. Bxa5 c6 27. Bb4 Be5
28. d4 Bxd4 29. Qxd4 c5 30. Bxc5 dxc5 31. Nxc5 Qd6 32. Nxb7 Qc7 33. Be4 Ng3 34.
Rhg1 Nxe4 35. Rxe4 Qxb7 36. Rxf4 Bf5 37. Qd6+ Ka8 38. c5 Re2 39. Kd1 Rxb2 40.
c6 Rb1+ 41. Kd2 Qb2+ 42. Ke3 Rxg1 43. Rb4 Re8+ 0-1